000 02170nam0a2200361 4500
001 RU\NLR\BIBL_A\011624574
005 20180404110711.0
010 _a978-5-9908493-6-5
_9600
021 _aRU
_bКН-П-18-000753
_9КН-П-18-0049
035 _a(NLR Aleph) 011624574
035 _a(RuMoRGB)009512690
090 _a11001698
_c11001698
100 _a20180208d2017 k y0rusy50 ca
101 0 _arus
102 _aRU
105 _ab|||zzzz0|1zy
200 1 _a1917 год: новые взгляды и новые подходы
_eматериалы Международной летней школы молодых ученых-историков стран СНГ, Балтии и Европы, Санкт-Петербург, 4-10 июня 2017 г.
_fИнститут всеобщей истории Российской академии наук
_g[редакционная коллегия: Л. А. Садова, М. С. Яковлев]
210 _aМосква
_cГеоинфо
_d2017
215 _a174 с.
_cкарт.
_d24
320 _aБиблиогр. в подстроч. примеч.
517 1 _aТысяча девятьсот семнадцатый год: новые взгляды и новые подходы
606 1 _aВеликая Октябрьская социалистическая революция
_jСъезды, совещания и т.п
_z1917
_9912483
_3RU\NLR\AUTH\6613825
686 _aТ3(2)711я431
_2rubbk
686 1 _aТ3(2)711я431
702 1 _aСадова
_bЛ. А.
_4340
711 1 2 _a"1917 год: новые взгляды и новые подходы", международная летняя школа молодых ученых-историков стран СНГ, Балтии и Европы
_eСанкт-Петербург
_f2017
_9590900
_3RU\NLR\AUTH\880464148
712 0 2 _4557
_aИнститут всеобщей истории
_cМосква
_9277988
_3RU\NLR\AUTH\883374
942 _cBOOK
980 _aNBR
980 _aNB